000 00782nam a2200265 a 4500
001 BRL_528
005 20190320210803.0
008 020913s1989----mx-a######---#000-0#spa-#
020 _a9683204902
041 _aspa
044 _amx
050 4 _aF1219.1.M5
_b.M38 1989
100 1 _aMatos Moctezuma, Eduardo
_94820
245 1 0 _aGuía oficial
_bTemplo Mayor
_cEduardo Matos Moctezuma
260 _aMéxico
_bINAH
_c1989
300 _a132 p.
_bil.
_c21 cm.
500 _aAu588
504 _aBibliografía: p.132
610 2 4 _aTemplo Mayor (Ciudad de México)
_vGuías.
_924209
650 1 4 _aTemplos
_zMéxico
_924210
650 1 4 _aIndígenas de México
_xAntigüedades
_9509
710 2 _aInstituto Nacional de Antropología e Historia
_924211
902 _aGRL
942 _2lcc
_cB
999 _c9340
_d9340